Normal view
MARC view
Entry Personal Name
001 - CONTROL NUMBER
- control field: 19230
003 - CONTROL NUMBER IDENTIFIER
- control field: OSt
005 - DATE AND TIME OF LATEST TRANSACTION
- control field: 20240926120438.0
008 - FIXED-LENGTH DATA ELEMENTS
- fixed length control field: 240926|| aca||aabn | a|a d
040 ## - CATALOGING SOURCE
- Original cataloging agency: OSt
- Transcribing agency: OSt
100 ## - HEADING--PERSONAL NAME
- Personal name: Metcalf... ( et al)
670 ## - SOURCE DATA FOUND
- Source citation: Work cat.: (OSt)9417: Metcalf... ( et al), WasteWater Engineering: , 2019.
